Normal view
MARC view
- Bakhtawar Bint Amjad
Entry Personal Name
001 - CONTROL NUMBER
- control field: 69802
003 - CONTROL NUMBER IDENTIFIER
- control field: NUST
005 - DATE AND TIME OF LATEST TRANSACTION
- control field: 20210628204311.0
008 - FIXED-LENGTH DATA ELEMENTS
- fixed length control field: 210628|| aca||aabn | a|a d
040 ## - CATALOGING SOURCE
- Original cataloging agency: NUST
- Transcribing agency: NUST
100 ## - HEADING--PERSONAL NAME
- Personal name: Bakhtawar Bint Amjad
670 ## - SOURCE DATA FOUND
- Source citation: Work cat.: (NUST): Bakhtawar Bint Amjad, TH-SOF-1531-Optimal Frequency and Slot Assignment for MAC Layer Protocol in a Hybrid Narrowband and Wideband Physical Layer Con guration in an SDR, 2018
